000
00263nmm a2200085Ia 4500
008
220120s9999||||xx |||||||||||||||||und||
100
_a
PC QUEST
_9
10676
245
0
_a
15 acunting Apps. for homes and small offices, 10 internet u
260
_a
Cyber media Pvt. Ltd.
_c
2013
999
_c
139879
_d
139879